000
00451nam a2200181Ia 4500
008
100917s9999 xx 000 0 und d
082
_b
57339
100
_a
कदम बाबा
245
_a
भालू
260
_b
चं. शेट्ये मं.
_c
1979
300
_a
216
365
_b
25
520
_a
कादंबरी
630
_a
भालू
650
_a
कादंबरी
730
_a
भालू
942
_c
BOOK
999
_c
662733
_d
662730